<?xml version="1.0" encoding="UTF-8"?>
<record
    xmlns:xsi="http://www.w3.org/2001/XMLSchema-instance"
    xsi:schemaLocation="http://www.loc.gov/MARC21/slim http://www.loc.gov/standards/marcxml/schema/MARC21slim.xsd"
    xmlns="http://www.loc.gov/MARC21/slim">

  <leader>01176nam2a22002531  4500</leader>
  <controlfield tag="001">rc\205061</controlfield>
  <controlfield tag="005">20250612170127.0</controlfield>
  <datafield tag="010" ind1=" " ind2=" ">
    <subfield code="a">5-7244-0019-7</subfield>
    <subfield code="b">NBN</subfield>
    <subfield code="9">50000</subfield>
  </datafield>
  <datafield tag="035" ind1=" " ind2=" ">
    <subfield code="a">(NLR Aleph) 008740389</subfield>
  </datafield>
  <datafield tag="090" ind1=" " ind2=" ">
    <subfield code="a">9529407</subfield>
    <subfield code="c">9529407</subfield>
  </datafield>
  <datafield tag="100" ind1=" " ind2=" ">
    <subfield code="a">20030307d1993    |||y0rusy50      ca</subfield>
  </datafield>
  <datafield tag="101" ind1="0" ind2=" ">
    <subfield code="a">rus</subfield>
  </datafield>
  <datafield tag="102" ind1=" " ind2=" ">
    <subfield code="a">RU</subfield>
  </datafield>
  <datafield tag="105" ind1=" " ind2=" ">
    <subfield code="a">y   |||||||||</subfield>
  </datafield>
  <datafield tag="200" ind1="1" ind2=" ">
    <subfield code="a">&#x41F;&#x43E; &#x43A;&#x43E;&#x43C; &#x437;&#x432;&#x43E;&#x43D;&#x438;&#x442; &#x43A;&#x43E;&#x43B;&#x43E;&#x43A;&#x43E;&#x43B;</subfield>
    <subfield code="e">&#x420;&#x43E;&#x43C;&#x430;&#x43D;</subfield>
    <subfield code="f">&#x41F;&#x435;&#x440;. &#x41D;. &#x412;&#x43E;&#x43B;&#x436;&#x438;&#x43D;&#x43E;&#x439;, &#x415;. &#x41A;&#x430;&#x43B;&#x430;&#x448;&#x43D;&#x438;&#x43A;&#x43E;&#x432;&#x43E;&#x439;</subfield>
  </datafield>
  <datafield tag="210" ind1=" " ind2=" ">
    <subfield code="d">1993</subfield>
    <subfield code="a">&#x411;. &#x43C;.</subfield>
  </datafield>
  <datafield tag="215" ind1=" " ind2=" ">
    <subfield code="a">367, [1] &#x441;.</subfield>
  </datafield>
  <datafield tag="461" ind1=" " ind2="0">
    <subfield code="1">001rc\205057</subfield>
    <subfield code="1">2001#$a&#x421;&#x43E;&#x431;&#x440;&#x430;&#x43D;&#x438;&#x435; &#x441;&#x43E;&#x447;&#x438;&#x43D;&#x435;&#x43D;&#x438;&#x439;$e&#x412; 6 &#x442;.$e&#x41F;&#x435;&#x440;. &#x441; &#x430;&#x43D;&#x433;&#x43B;.$f&#x42D;&#x440;&#x43D;&#x435;&#x441;&#x442; &#x425;&#x435;&#x43C;&#x438;&#x43D;&#x433;&#x443;&#x44D;&#x439;$g&#x41F;&#x43E;&#x434; &#x43E;&#x431;&#x449;. &#x440;&#x435;&#x434;. &#x411;. &#x413;&#x440;&#x438;&#x431;&#x430;&#x43D;&#x43E;&#x432;&#x430; &#x438; &#x434;&#x440;.$g[&#x412;&#x441;&#x442;&#x443;&#x43F;. &#x441;&#x442;. &#x411;. &#x413;&#x440;&#x438;&#x431;&#x430;&#x43D;&#x43E;&#x432;&#x430;]$v&#x422;. 4</subfield>
    <subfield code="1">700#1$a&#x425;&#x435;&#x43C;&#x438;&#x43D;&#x433;&#x443;&#x44D;&#x439;$b&#x42D;.$g&#x42D;&#x440;&#x43D;&#x435;&#x441;&#x442;$f1899-1961$3RU\NLR\AUTH\777882</subfield>
    <subfield code="9">7817180</subfield>
    <subfield code="a">&#x425;&#x435;&#x43C;&#x438;&#x43D;&#x433;&#x443;&#x44D;&#x439;, &#x42D;. (1899-1961)</subfield>
    <subfield code="c">&#x41C;.</subfield>
    <subfield code="d">1993-</subfield>
    <subfield code="f">&#x42D;&#x440;&#x43D;&#x435;&#x441;&#x442; &#x425;&#x435;&#x43C;&#x438;&#x43D;&#x433;&#x443;&#x44D;&#x439;</subfield>
    <subfield code="n">&#x41D;&#x443;&#x433;&#x435;&#x448;&#x438;&#x438;&#x43D;&#x432;&#x435;&#x441;&#x442;</subfield>
    <subfield code="o">&#x412; 6 &#x442;. : &#x41F;&#x435;&#x440;. &#x441; &#x430;&#x43D;&#x433;&#x43B;.</subfield>
    <subfield code="t">&#x421;&#x43E;&#x431;&#x440;&#x430;&#x43D;&#x438;&#x435; &#x441;&#x43E;&#x447;&#x438;&#x43D;&#x435;&#x43D;&#x438;&#x439;</subfield>
    <subfield code="v">&#x422;. 4</subfield>
  </datafield>
  <datafield tag="801" ind1=" " ind2="0">
    <subfield code="a">RU</subfield>
    <subfield code="b">NLR</subfield>
    <subfield code="g">psbo</subfield>
  </datafield>
  <datafield tag="801" ind1=" " ind2="1">
    <subfield code="a">RU</subfield>
    <subfield code="b">ELAR</subfield>
    <subfield code="2">rusmarc</subfield>
  </datafield>
  <datafield tag="852" ind1=" " ind2=" ">
    <subfield code="a">NLR</subfield>
    <subfield code="j">93-5/2187</subfield>
  </datafield>
  <datafield tag="942" ind1=" " ind2=" ">
    <subfield code="c">BOOK</subfield>
  </datafield>
  <datafield tag="980" ind1=" " ind2=" ">
    <subfield code="a">NB</subfield>
  </datafield>
  <datafield tag="995" ind1=" " ind2=" ">
    <subfield code="5">2013-10-26</subfield>
    <subfield code="b">NLR01</subfield>
    <subfield code="c">NLR01</subfield>
    <subfield code="e">RF91</subfield>
    <subfield code="f">1-482463</subfield>
    <subfield code="k">93-5/2187</subfield>
    <subfield code="o">0</subfield>
    <subfield code="r">BOOK</subfield>
    <subfield code="s">9352187_</subfield>
  </datafield>
</record>
